00000000nam##2200000za#4500
0019.606955
003CaOODSP
00520241127144339
007cr |||||||||||
008150406|1999||||xxc|||||o    f|0| 0 fre|d
040 |aCaOODSP|bfre
043 |an-cn---
0861 |aEn36-2/9-1999F-PDF
1102 |aCentre canadien des eaux intérieures.
24510|aProtocoles de suivi de la biodiversité végétale terrestre / |h[ressource électronique]|cpar Patricia Roberts-Pichette et Lynn Gillespie, pour le compte du Groupe de travail sur les protocoles de suivi des végétaux, du Conseil scientifique de la biodiversité canadienne, pour le Réseau d'évaluation et de surveillance écologique.
260 |aBurlington - Ontario : |bEnvironnement Canada. |c1999.
300 |a138p.|bfigures, glossaire, graphiques, tableaux
4901 |aCollection des publications hors-série du RESE
504 |aBibliographie.
590 |a14-21-Supp|b2014-12-11
77508|tTerrestrial vegetation biodiversity monitoring protocols / |w(CaOODSP)9.579435
830#0|aCollection des publications hors-série du RESE.|w(CaOODSP)9.504200
85640|ahttp://publications.gc.ca|qPDF|s1.87 Mo|uhttps://publications.gc.ca/collections/collection_2014/ec/En36-2-9-1999-fra.pdf